| 000 | 01383nam0a2200325 4500 | ||
|---|---|---|---|
| 001 | RU\NLR\bibl\1302379 | ||
| 005 | 20250615151450.0 | ||
| 010 |
_a978-5-358-01616-3 _92000 |
||
| 021 |
_aRU _b2008-78144 _94535 |
||
| 035 | _a(NLR Aleph) 001287947 | ||
| 090 |
_a540839 _c540839 |
||
| 100 | _a20081203d2008 |||y0rusy50 ca | ||
| 101 | 0 |
_arus _aeng |
|
| 102 | _aRU | ||
| 105 | _aa ||||||||| | ||
| 200 | 1 |
_aАнглийский язык _e4 класс _eучебник для общеобразовательных учреждений _e[3-й год обучения] _fВ.В. Бужинский, С.В. Павлова, Р.А. Старикова |
|
| 210 |
_aМосква _cДрофа _d2008 |
||
| 215 |
_a112, [1] с. _cил. _d23 |
||
| 225 | 1 |
_aСерия "Friendly English" _dДружим с английским |
|
| 606 | 1 |
_aАнглийский язык _jУчебники для начальной школы _9972309 _3RU\NLR\auth\6646032 |
|
| 686 | _aШ143.21-93рус21[4] | ||
| 700 | 1 |
_aБужинский _bВ. В. _gВячеслав Васильевич _4070 |
|
| 701 | 1 |
_aПавлова _bС. В. _gСветлана Васильевна _4070 |
|
| 701 | 1 |
_aСтарикова _bР. А. _gРаиса Александровна _4070 |
|
| 801 | 0 |
_aRU _bNLR _c20081203 _gRCR |
|
| 801 | 1 |
_aRU _bNLR _c20081203 |
|
| 830 | _aпо кн. | ||
| 942 | _cBOOK | ||
| 980 | _aNB | ||